000 00392nam a2200145Ia 4500
005 20250729165753.0
008 250729s2013 xx 000 0 und d
041 _aeng
082 _a530.25 DIRB
100 _aDirectorate of Pre University
_9232597
245 _aBiology - II P U C
260 _aBangalore
_bDirectorate of Pre University
_c2013
300 _a104p
650 _aBiology
_9232598
999 _c239862
_d239862